00169nam a2200073Ia 4500008004100000020001800041100001500059245002100074220905s9999 xx 000 0 und d a9780340993545 aConnolly J 4aThe burning soul